000 00844nac a22002777a 4500
001 BR3800069
003 BR-BrBNA
005 20240105112811.0
008 230509b bl.|||m| |||| 00| 0 por d
040 _aBR-BrBNA
_bpor
_cBiblioteca Nacional de Agricultura
072 _aF20
090 _aF20 BR3800069
100 1 _aCamargo, T. de
100 1 _aVageler, P.
110 1 _aInstituto Agronomico, Campinas, SP (Brasil)
245 1 _aOs solos do estado de Sao Paulo 2. O solo na sua concepcao moderna
260 3 _aCampinas, SP (Brasil):
_c1938.
300 _a30 p.
490 _aBoletim Tecnico - Instituto Agronomico (Brazil)
_vno. 49
_x
500 _aBibliography p. 27-30 (51 ref.)
650 _aPEDOLOGIA
650 _aSOLO
650 _aSAO PAULO
909 _a202312
_bLúcia Elande
_c55
_dLúcia Elande
942 _2AGRIS
_n0
_cMS
999 _c260362
_d260362